000 00693nam a2200193 a 4500
001 58786
005 20180714055523.0
008 140415s2012 mx 000 0 spa d
020 _a9786077592952
041 _aspa
082 _a262.91
_bCEB
100 1 _aCEBALLOS RAMIREZ, MANUEL
245 1 0 _aHACIA UN PROYECTO SOLIDO DE REFORMA :
_bIGLESIA, ESTADO Y SOCIEDAD EN MEXICO: UNA VISION HISTORICA DEL PRESENTE
250 _a2a ed.
260 _aMEXICO :
_bIMDOSOC,
_c2012
300 _a22
_cx 21.5
490 _aCOL. ARCHIVO MOTOLINIA
650 1 4 _aLIBERTAD RELIGIOSA
_xRELIGION Y SOCIOLOGIA
_xRELIGION
_xHISTORIA
_xMEXICO
_xIGLESIA Y PROBLEMAS SOCIALES MEXICO HISTORIA SIGLO XX
999 _c58786
_d58786